Ako efektívne hľadať kvalitu Assessment Center - moderná i účinná metóda personálnej práce
Jadro hodnotiaceho strediska. Príklad simulácie reality hodnotiacim centrom. Prirodzené situácie súčasťou hodnotenia. Hlavné príčiny úspešnosťi assessment centier.
Gespeichert in:
| 1. Verfasser: | |
|---|---|
| Format: | Buch |
| Sprache: | Slowakisch |
| Schlagworte: | |
| Tags: |
Keine Tags, Fügen Sie das erste Tag hinzu!
|
MARC
| LEADER | 00000nam a2200000 4500 | ||
|---|---|---|---|
| 001 | r030658 | ||
| 005 | 20230824094458.3 | ||
| 041 | 0 | |a slo | |
| 044 | |a SK | ||
| 245 | 1 | 0 | |a Ako efektívne hľadať kvalitu |b Assessment Center - moderná i účinná metóda personálnej práce |c Peter Pliešovský |
| 520 | |a Jadro hodnotiaceho strediska. Príklad simulácie reality hodnotiacim centrom. Prirodzené situácie súčasťou hodnotenia. Hlavné príčiny úspešnosťi assessment centier. | ||
| 610 | 2 | 0 | |a výber pracovníkov |
| 610 | 2 | 0 | |a práca personálna |
| 610 | 2 | 0 | |a manažéri |
| 610 | 2 | 0 | |a personalistika |
| 610 | 2 | 0 | |a poradenstvo personálne |
| 610 | 2 | 0 | |a Assessment Center |
| 100 | 1 | |a Pliešovský, Peter | |